| 000 | 00650nam a2200193 a 4500 | ||
|---|---|---|---|
| 001 | 83499 | ||
| 003 | BD-RjUL | ||
| 005 | 20240327122402.0 | ||
| 008 | 240327s1966 p ||||| |||| 00| 0 urd d | ||
| 035 | _a(BD-RjUL)83499 | ||
| 040 |
_aBD-RjUL _beng _cBD-RjUL |
||
| 041 | _aurd | ||
| 082 |
_223 _a914.3 _bDEG 1966 |
||
| 100 |
_aدہلوی، حکیم محمد سعید ;; Dehlavi, Hakim Mohammad Sayid / _912575 |
||
| 245 | 1 | 0 |
_a جرمنی نامہ ;; German namah / _cمصنف : حکیم محمد سعید دہلوی ;;; Author: Hakim Muhammad Sayid Dehlavi |
| 264 |
_aLahore : _bMaktubah Zadid , _c1966 |
||
| 300 |
_a584 p.; _c21 cm |
||
| 942 |
_2ddc _cBK |
||
| 999 |
_c83499 _d83499 |
||